00460nam a2200133Ia 4500008004100000050001500041100002200056245006100078260002900139300002300168650001300191999001900204952010300223150202s9999 xx 000 0 und d aFIC bFIC  aMilligan, Spike.  2aA book of bits or A bit of a milligan /cSpike Milligan. aLondon :bTandem,c1965. a96 pages :c18 cm. aFiction. c282274d282274 001040aSMCbSMCcFICd2015-02-02l0oFIC M62a 1965pSMC2555r2015-02-02 00:00:00w2015-02-02yBK